Normal view MARC view

Entry Nombre personal

Number of records used in: 8

001 - NÚMERO DE CONTROL

  • campo de control: 51833

003 - IDENTIFICADOR DE NÚMERO DE CONTROL

  • campo de control: OSt

005 - FECHA Y HORA DE LA ÚLTIMA TRANSACCIÓN

  • campo de control: 20250522203626.0

008 - ELEMENTOS DE DATO DE LONGITUD-FIJA

  • campo de control de longitud fija: 030205 n acnnnaaan n ann d

040 ## - FUENTE DE CATALOGACIÓN

  • Centro catalogador/agencia de origen: OSt
  • Centro/agencia transcriptor: OSt

100 1# - ENCABEZAMIENTO-NOMBRE DE PERSONA

  • Nombre de persona: Fort, Carlos Ramón,
  • Fechas asociadas al nombre: 1807-1878

400 1# - TRAZADO DE VÉASE--NOMBRE DE PERSONA

  • Nombre de persona: C. R. F. (
  • Fechas asociadas al nombre: 1807-1878)

400 1# - TRAZADO DE VÉASE--NOMBRE DE PERSONA

  • Nombre de persona: F. C. R. (
  • Fechas asociadas al nombre: 1807-1878)

400 1# - TRAZADO DE VÉASE--NOMBRE DE PERSONA

  • Nombre de persona: Fort Pazos, Carlos Ramón (
  • Fechas asociadas al nombre: 1807-1878)

400 1# - TRAZADO DE VÉASE--NOMBRE DE PERSONA

  • Nombre de persona: Fort y Pazos, Carlos Ramón (
  • Fechas asociadas al nombre: 1807-1878)

400 1# - TRAZADO DE VÉASE--NOMBRE DE PERSONA

  • Nombre de persona: R. F., C. (
  • Fechas asociadas al nombre: 1807-1878)

400 1# - TRAZADO DE VÉASE--NOMBRE DE PERSONA

  • Nombre de persona: Ramón Fort, Carlos (
  • Fechas asociadas al nombre: 1807-1878)